| 000 | 00394nam a2200133Ia 4500 | ||
|---|---|---|---|
| 005 | 20251222143114.0 | ||
| 008 | 251222s9999||||xx |||||||||||||| ||spa|| | ||
| 020 | _a978-9972-45-248-2 | ||
| 082 | _a001.42/M86 | ||
| 100 | _aMorales-Bermúdez Cerruti, Francisco | ||
| 245 | 0 | _aEl Problema Científico: Lógica, Filosofía, Planeamiento y Desarrollo | |
| 264 | _bFondo Editorial UL | ||
| 942 | _cLIB | ||
| 999 |
_c11296 _d11296 |
||